Arizona economic indicators.

Bibliographic Details
Uniform Title:Arizona economic indicators (Tucson, Ariz. : 1984)
Corporate Author: University of Arizona. Division of Economic and Business Research
Format: Journal
Language:English
Published: Tucson, Ariz. : College of Business and Public Administration, University of Arizona, [1984-]
Subjects:

MARC

Tag First Indicator Second Indicator Subfields
LEADER 00000cas a2200000 a 4500
001 in00000424521
005 20151012055505.0
008 840425c19849999azufr p s s0uuua0eng d
010 |a sn 85010206  
012 |i 8502 
035 |a (OCoLC)10661503 
035 |9 ABV0667AM 
040 |a AZA  |c AZA  |d NST  |d HUL  |d NST  |d TXA  |d UtOrBLW 
042 |a lcd 
043 |a n-us-az 
049 |a TXAE [Latest] [ed:Ref] 
090 |a HA245  |b .A6 
130 0 |a Arizona economic indicators (Tucson, Ariz. : 1984) 
245 1 0 |a Arizona economic indicators. 
264 1 |a Tucson, Ariz. :  |b College of Business and Public Administration, University of Arizona,  |c [1984-] 
264 4 |c ©1984- 
300 |a volumes :  |b illustrations ;  |c 28 cm. 
310 |a Semiannual 
336 |a text  |b txt  |2 rdacontent 
337 |a unmediated  |b n  |2 rdamedia 
338 |a volume  |b nc  |2 rdacarrier 
362 0 |a Vol. 1, no. 1 (spring/summer 1984)- 
500 |a Title from cover. 
550 |a Prepared by the Division of Economic and Business Research, College of Business and Public Administration. 
650 0 |a Economic indicators  |z Arizona  |x Periodicals. 
651 0 |a Arizona  |x Economic conditions  |x Statistics  |x Periodicals. 
710 2 |a University of Arizona.  |b Division of Economic and Business Research. 
999 |a MARS 
999 f f |s 63a6b241-a650-3b57-b3f5-4860f878f069  |i d9476836-89a6-35a2-8c67-bc5b70a17424  |t 0 
952 f f |a Texas A&M University  |b Rellis Campus  |c Joint Library Facility  |d Remote Storage  |e HA245 .A6  |h Library of Congress classification  |i unmediated -- volume  |k v.4:no.1  |l 1987:Spring  |m A14813877772  |p ric  |s JLF  |t 0 
952 f f |a Texas A&M University  |b Rellis Campus  |c Joint Library Facility  |d Remote Storage  |e HA245 .A6  |h Library of Congress classification  |i unmediated -- volume  |k v.5:no.1  |l 1988:Spring  |m A14818832400  |p ric  |s JLF  |t 0 
952 f f |a Texas A&M University  |b Rellis Campus  |c Joint Library Facility  |d Remote Storage  |e HA245 .A6  |h Library of Congress classification  |i unmediated -- volume  |k v.3:no.1  |l 1986:Spring  |m A14817067094  |p ric  |s JLF  |t 0 
952 f f |a Texas A&M University  |b Rellis Campus  |c Joint Library Facility  |d Remote Storage  |e HA245 .A6  |h Library of Congress classification  |i unmediated -- volume  |k v.3:no.2  |l 1986:Fall  |m A14811228846  |p ric  |s JLF  |t 0 
952 f f |a Texas A&M University  |b Rellis Campus  |c Joint Library Facility  |d Remote Storage  |e HA245 .A6  |h Library of Congress classification  |i unmediated -- volume  |k v.1:no.2  |l 1984:Fall  |m A14811228896  |p ric  |s JLF  |t 0 
998 f f |a HA245 .A6  |s v.5:no.1 (1988:Spring)  |t 0  |l Remote Storage